000 00509 a2200169 4500
999 _c29268
_d29268
003 NUST
005 20180118145842.0
008 180118b xxu||||| |||| 00| 0 eng d
020 _a0486661814
020 _a9780486661810
082 0 4 _a512.86
100 1 _aHamermesh, Morton.
_98835
245 1 0 _aGroup theory and its application to physical problems /
_cMorton Hamermesh.
260 _a[S.l.] :
_bDover Publications,
_c1962
300 _a544 p. ;
_c22 cm.
490 1 _aDover books on physics & chemistry.
830 _aDover books on physics & chemistr
_98836
942 _aSNS
_cBK
_k512.86 HAM
_2ddc